• 首页
  • 本馆介绍
  • 公告通知
  • 最新文献
  • 馆藏检索
  • 电子资源
  • 读者荐购
  • 参考咨询
  • CALIS
  • 我的图书馆
  • 登录
  • 详细信息显示
  • 放入我的书架
  • 预约/预借图书
  • 作者相关作品
  • 分类相关作品
  • 丛书相关作品
  • 出版社相关作品

书目信息

  • 表格格式
  • 工作单格式
  • 卡片格式
题名:
2008年一级注册建筑师资格考试设计前期与场地设计模拟知识题
    
 
作者: 任乃鑫 , 马青 主编
分册:  
出版信息: 大连   大连理工大学出版社  2008.01
页数: 116页
开本: 29cm
丛书名:
单 册:
中图分类: TU2-44
科图分类:
主题词: 建筑设计--jian zhu she ji--考核--习题
电子资源:
ISBN: 978-7-5611-3984-4
 
 
 
 
 
000 00916nam0 2200253 450
001 357415
005 20080422130459.0
010    @a978-7-5611-3984-4@dCNY20.00
100    @a20080415d2008 em y0chiy0110 ea
101 0  @achi
102    @aCN@b210000
105    @ay q 000yy
106    @ar
200 1  @a2008年一级注册建筑师资格考试设计前期与场地设计模拟知识题@A2008 nian yi ji zhu ce jian zhu shi zi ge kao shi she ji qian qi yu chang di she ji mo ni zhi shi ti@f任乃鑫, 马青主编
210    @a大连@c大连理工大学出版社@d2008.01
215    @a116页@d29cm
300    @a注册考试
330    @a本书共十章,内容包括:设计前期简述、场地选择、建筑策划、场地设计简述、场地地理特征、场地设计总平面布局等。
606 0  @a建筑设计@Ajian zhu she ji@x考核@j习题
690    @aTU2-44@v4
701  0 @a任乃鑫@Aren nai xin@4主编
701  0 @a马青@Ama qing@4主编
801  0 @aCN@b@c20080415
905    @b674407-9@dTU2-44@eR510@f3
    
    2008年一级注册建筑师资格考试设计前期与场地设计模拟知识题/任乃鑫, 马青主编.-大连:大连理工大学出版社,2008.01
    116页;29cm
    注册考试
    
    ISBN 978-7-5611-3984-4:CNY20.00
    本书共十章,内容包括:设计前期简述、场地选择、建筑策划、场地设计简述、场地地理特征、场地设计总平面布局等。
●
相关链接 在E读中查询图书 在当当中查询图书 在豆瓣中查询图书


正题名:2008年一级注册建筑师资格考试设计前期与场     索取号:TU2-44/R510         预约/预借

序号 登录号 条形码 馆藏地/架位号 状态 备注
1 674407   206744077   建筑与城市规划学院资料室/101建筑库 4排2列5层/ [索取号:TU2-44/R510] 在馆    
2 674408   206744086   建筑库101/101建筑库 31排4列3层/ [索取号:TU2-44/R510] 在馆    
3 674409   206744095   建筑库101/101建筑库 31排4列3层/ [索取号:TU2-44/R510] 在馆    
河南城建学院图书馆 欢迎您!
大连网信软件有限公司© 版权所有